000
00272nam a22001337a 4500
008
170927b xxu||||| |||| 00| 0 eng d
020
_a
0935312870
041
_a
eng
080
_a
37
100
_a
46
101
_a
EDU
245
_a
GET SMART!
_c
KATZ,M
942
_2
udc
_c
BK
999
_c
30139
_d
30139